000 00873nam0a22002291i 4500
001 rc\4333562
005 20240724150048.0
021 _aRU
_b[68-14882]
035 _a(NLR Aleph) 008271668
090 _a8460097
_c8460097
100 _a20130416d1968 |||y0rusy50 ca
101 0 _arus
102 _aRU
105 _ay d |||||
200 1 _aСовершенствование оплаты труда рабочих совхозов
_e(На примере хоз-в Сев. Казахстана)
_eАвтореферат дис. на соискание учен. степени канд. экон. наук
_e(594)
_fВильнюсский гос. ун-т им. В. Капсукаса
210 _aВильнюс
_d1968
215 _a17 с.
700 1 _aГубрий
_bТ.А.
801 0 _aRU
_bNLR
_gpsbo
801 1 _aRU
_bELAR
_2rusmarc
852 _aNLR
_j68-4/6549
942 _cBOOK